[Event "1st WMSG Rapid Pair"]
[Site "Beijing CHN"]
[Date "2008.10.11"]
[Round "8"]
[White "Pruess,D"]
[Black "Ghaem Maghami,E"]
[Result "0-1"]
[WhiteElo "2422"]
[BlackElo "2599"]

1.e4 c5 2.Nf3 e6 3.d4 cxd4 4.Nxd4 a6 5.Nc3 b5 6.Bd3 Bb7 7.O-O Ne7 8.Be3 Nbc6
9.Nb3 d6 10.f4 g6 11.Qd2 Bg7 12.Rad1 O-O 13.Be2 Nc8 14.f5 b4 15.Na4 Re8 16.Bg5 f6
17.Bh4 Kh8 18.fxg6 Qe7 19.gxh7 a5 20.c3 Rb8 21.Rf2 Rf8 22.Rdf1 Ba8 23.Qe3 bxc3
24.Nxc3 Rb4 25.Qd2 a4 26.Nc1 d5 27.Nd3 Rd4 28.Qe3 Rxd3 29.Qxd3 d4 30.Nxa4 Qa7
31.b3 Ne5 32.Qa6 d3 33.Bxd3 Qd4 34.Be2 Bxe4 35.Qxe6 f5 36.Kh1 Bd5 37.Qa6 Qxh4
38.Nc3 Be6 39.Rf4 Qe7 40.Qb5 Ng6 41.R4f2 Bxc3 42.Bc4 Nd6 43.Qa6 Nxc4 44.bxc4 Qf7
45.Rc1 Bd4 46.Re2 Nf4 47.Ree1 Nd3 48.Rxe6 Nf2+ 49.Kg1 Nd3+ 50.Kh1 Nxc1 51.Rd6 Re8  0-1

[Event "1st WMSG Rapid Pair"]
[Site "Beijing CHN"]
[Date "2008.10.11"]
[Round "9"]
[White "Fierro Baquero,M"]
[Black "Li Ruofan"]
[Result "0-1"]
[WhiteElo "2361"]
[BlackElo "2426"]

1.e4 c5 2.Nc3 e6 3.Nf3 a6 4.d4 cxd4 5.Nxd4 Qc7 6.Be3 b5 7.Qd2 Nf6 8.f3 b4
9.Na4 d5 10.e5 Nfd7 11.f4 Bb7 12.Bd3 Nc6 13.O-O g6 14.Kh1 Nxd4 15.Bxd4 Bc6
16.b3 Bxa4 17.bxa4 Bc5 18.c3 O-O 19.Rac1 bxc3 20.Qxc3 Rfc8 21.Qd2 Qb6 22.Rb1 Qc6
23.Ba1 Rab8 24.Rbd1 Bb4 25.Qe3 Nc5 26.f5 exf5 27.Qh6 Ne6 28.Rf3 Qxa4 29.Rdf1 Bf8
30.Qd2 Bg7 31.R3f2 d4 32.g4 f4 33.Qe2 Rc5 34.Qf3 Rxe5 35.h4 Re3 36.Qd1 Qc6+  0-1

[Event "1st WMSG Blitz Team"]
[Site "Beijing CHN"]
[Date "2008.10.13"]
[Round "2"]
[White "Savickas,A"]
[Black "Livshits,G"]
[Result "0-1"]
[WhiteElo "2358"]
[BlackElo "2427"]

1.e4 c5 2.Nf3 e6 3.d4 cxd4 4.Nxd4 a6 5.Nc3 b5 6.Bd3 Qb6 7.Nb3 Qc7 8.O-O Bb7
9.Qe2 Nc6 10.f4 d6 11.Be3 Nf6 12.Rae1 Be7 13.Qf3 O-O 14.Qg3 Rfe8 15.Nd4 Bf8
16.Nxc6 Qxc6 17.e5 Nd5 18.Be4 b4 19.Nxd5 exd5 20.Bd3 dxe5 21.fxe5 g6 22.Bd4 Bc5
23.c3 Qb6 24.Qf2 Bxd4 25.cxd4 Re7 26.Qh4 Rae8 27.Kh1 Bc8 28.Rf6 Re6 29.Ref1 Rxf6
30.Qxf6 Qxf6 31.Rxf6 Be6 32.Rf2 Rc8 33.Rc2 Rxc2 34.Bxc2 f6 35.Kg1 fxe5 36.dxe5 d4
37.a3 bxa3 38.bxa3 Kf7 39.Bd3 a5 40.Kf2 Bd5 41.Bf1 Ke6 42.Ke1 Kxe5 43.Kd2 g5
44.g3 h5 45.Be2 h4 46.Bg4 Be6 47.Bf3 Bf5 48.Bg2 Kd6 49.Bf3 Ke5  0-1

[Event "1st WMSG Blitz Team w"]
[Site "Beijing CHN"]
[Date "2008.10.13"]
[Round "3"]
[White "Rudolf,An"]
[Black "Vasilevich,I"]
[Result "1-0"]
[WhiteElo "2318"]
[BlackElo "2354"]

1.e4 c5 2.Nf3 e6 3.d4 cxd4 4.Nxd4 a6 5.Nc3 Nc6 6.g3 Nf6 7.Bg2 Bc5 8.Be3 Qb6
9.Na4 Qa5+ 10.c3 Bxd4 11.Bxd4 Nxd4 12.Qxd4 e5 13.Qb4 Qxb4 14.cxb4 b5 15.Nc3 Bb7
16.O-O Rc8 17.a3 Rc4 18.Rfe1 O-O 19.Rad1 Re8 20.f4 exf4 21.e5 Bxg2 22.exf6 Be4
23.Nd5 Re6 24.Nxf4 Rxf6 25.b3 Rc3 26.Rxe4 g5 27.Nh5 Re6 28.Rxe6 fxe6 29.Rxd7 Rxb3
30.Nf6+ Kf8 31.Nxh7+ Ke8 32.Ra7 Rxa3 33.Nxg5 Ra4 34.Nxe6 Rxb4 35.Rxa6 Rb1+
36.Kg2 Rb2+ 37.Kf3 Rxh2 38.Rb6 Rb2 39.Rxb5 Rd2 40.Rb7 Rd6 41.Nf4 Kf8 42.Kg4 Ra6
43.Kh5 Rc6 44.g4 Rc5+ 45.g5 Ra5 46.Kh6 Ra4 47.Ne6+ Ke8 48.g6  1-0

[Event "1st WMSG Blitz Team"]
[Site "Beijing CHN"]
[Date "2008.10.13"]
[Round "4"]
[White "Savickas,A"]
[Black "Mekhitarian,K"]
[Result "1-0"]
[WhiteElo "2358"]
[BlackElo "2511"]

1.e4 c5 2.Nf3 e6 3.Nc3 a6 4.d4 cxd4 5.Nxd4 b5 6.Bd3 Qb6 7.Nb3 Qc7 8.O-O Bb7
9.Qe2 d6 10.f4 Nd7 11.Bd2 Ngf6 12.Rae1 h5 13.a3 Rc8 14.e5 dxe5 15.fxe5 Ng4
16.Bf4 Nc5 17.Nd2 Rd8 18.h3 Nxd3 19.cxd3 Nh6 20.Qxh5 Rxd3 21.Nde4 a5 22.Nd6+ Bxd6
23.exd6 Qb6+ 24.Rf2 g6 25.Qe5 Rh7 26.Nxb5 Rd5 27.Nc7+ Qxc7 28.dxc7 Rxe5 29.Bxe5 Kd7
30.Rd2+ Bd5 31.Rc1 Kc8 32.b4 a4 33.b5 f6 34.Bd6 Nf5 35.Bb4 Rxc7 36.Rxc7+ Kxc7
37.Ba5+ Kd6 38.b6 Kc6 39.Rc2+ Kb7 40.Rc7+ Ka6 41.Bc3 Kxb6 42.Rf7 Nd6 43.Rxf6 g5
44.Rg6 Kc6 45.Bd2 Nc4 46.Bc1 Kc5 47.Rxg5 Kd4 48.h4 Kc3 49.Rg3+ Kc2 50.Bf4 Be4
51.h5 Nb6 52.Bd6 Nd5 53.h6 Nf6 54.Be5 Nd7 55.Bg7 Nc5 56.Rc3+ Kd2 57.Rxc5 Bh7
58.Rc7 e5 59.Bxe5 Bf5 60.h7 Bxh7 61.Rxh7 Kd3 62.Ra7 Kc4 63.Rxa4+ Kb5 64.Rd4  1-0

[Event "1st WMSG Blitz Team"]
[Site "Beijing CHN"]
[Date "2008.10.13"]
[Round "5"]
[White "Savickas,A"]
[Black "Stefansson,H"]
[Result "0-1"]
[WhiteElo "2358"]
[BlackElo "2575"]

1.e4 c5 2.Nf3 e6 3.Nc3 a6 4.d4 cxd4 5.Nxd4 b5 6.Bd3 d6 7.O-O Nf6 8.Qe2 Bb7
9.Bd2 Nbd7 10.f4 b4 11.Nd1 Nc5 12.Nf2 d5 13.e5 Nfe4 14.Be3 g6 15.Rfd1 Qc7
16.Rac1 Be7 17.Nxe4 dxe4 18.Bc4 O-O 19.Nb3 Rfd8 20.Qf2 Rxd1+ 21.Rxd1 Na4
22.Bf1 Nxb2 23.Rd2 Bd5 24.h4 Nc4 25.Bxc4 Qxc4 26.h5 a5 27.hxg6 fxg6 28.Nc5 Rc8
29.Nd7 Qxa2 30.Kh2 Rd8 31.Nf6+ Bxf6 32.exf6 Rf8 33.Bd4 Qc4 34.Qh4 Rf7 35.Qg3 Qc7
36.Be5 Qb7 37.Bd4 Rd7 38.Qg5 Qb8 39.f7+ Rxf7 40.Be5 Qc8 41.c4 bxc3 42.Rc2 Rf5
43.Qe7 e3 44.Qg5 Qc4 45.Rxc3  0-1

[Event "1st WMSG Blitz Team w"]
[Site "Beijing CHN"]
[Date "2008.10.13"]
[Round "5"]
[White "Machalova,V"]
[Black "Vasilevich,I"]
[Result "1-0"]
[WhiteElo "2187"]
[BlackElo "2354"]

1.e4 c5 2.Nf3 e6 3.d4 cxd4 4.Nxd4 a6 5.Nc3 Nc6 6.Be2 Nf6 7.O-O Qc7 8.Be3 Bb4
9.Nxc6 bxc6 10.Qd4 c5 11.Qd3 Bb7 12.Bf3 Bxc3 13.bxc3 O-O 14.Rfe1 d6 15.Bg5 Nd7
16.Bf4 e5 17.Bg3 c4 18.Qd2 Rad8 19.Bh4 f6 20.Bg4 Nc5 21.Bf3 Qa5 22.a3 Na4
23.Rab1 Bc6 24.Ra1 Qxc3 25.Qxc3 Nxc3 26.Bg4 Rfe8 27.Bf3 d5 28.exd5 Bxd5 29.Re3 Nb5
30.a4 Nd4 31.Bxd5+ Rxd5 32.Rc1 Rb8 33.h3 Rb2 34.f4 Nxc2 35.Re2 exf4 36.Rcxc2 Rb1+
37.Kf2 Rb4 38.Kf3 g5 39.Be1 Rxa4 40.Kf2 a5 41.Re4 Rc5 42.Ke2 Ra1 43.Bf2 Rc6
44.Rexc4 Rxc4 45.Rxc4 Ra2+ 46.Kf1 Ra1+ 47.Be1 a4 48.Ke2 Ra2+ 49.Kf3 h5 50.Ba5 Kg7
51.Rb4 Kg6 52.Rb6 Kf5 53.Rb5+ Kg6 54.Rd5 Ra3+ 55.Kf2 Ra2+ 56.Kf3 Ra1 57.Rb5 a3
58.Bc3 Ra2 59.Rb6 g4+ 60.hxg4 hxg4+ 61.Kxg4 Rxg2+ 62.Kxf4 Rf2+ 63.Kg3 Rf1
64.Ra6 Kg5 65.Kg2 Rf5 66.Rxa3 Rc5 67.Bd2+ Kg6 68.Rg3+ Kf7 69.Rf3 f5 70.Bb4 Rd5
71.Bc3 Ke6 72.Rf2 Rc5 73.Bb2 Rb5 74.Kf3 Rb4 75.Re2+ Kf7 76.Bc3 Rb3 77.Re3 Kg6
78.Rd3 Ra3 79.Ke2 Kh5 80.Kf3 Kg6 81.Kf4 Ra4+ 82.Kg3 Re4 83.Rf3 Kg5 84.Bd2+ Kg6
85.Rd3 Kf6 86.Bc3+ Ke6 87.Kf3 Ra4 88.Bb2 Rc4 89.Re3+ Kf7 90.Re5 Kg6 91.Rd5 Rb4
92.Rd6+ Kg5 93.Bc1+ f4 94.Rd5+ Kf6 95.Bxf4 Rb3+ 96.Kg4 Rb4 97.Rf5+ Ke6 98.Re5+ Kf6
99.Rc5 Ra4 100.Rb5 Rc4 101.Kf3 Ra4 102.Rb6+ Kf5 103.Rb5+ Kf6 104.Be3 Ra3
105.Ke4 Ra4+ 106.Bd4+  1-0

[Event "1st WMSG Blitz Team"]
[Site "Beijing CHN"]
[Date "2008.10.13"]
[Round "5"]
[White "Jung Ho Jin"]
[Black "Mogranzini,R"]
[Result "0-1"]
[WhiteElo "1851"]
[BlackElo "2415"]

1.e4 c5 2.Nf3 e6 3.d4 cxd4 4.Nxd4 a6 5.Nc3 Qc7 6.Be3 Nf6 7.f3 Bb4 8.Ne2 d5
9.e5 Qxe5 10.Bf4 Qf5 11.g4 Bxc3+ 12.bxc3 Qg6 13.h4 h5 14.g5 Nfd7 15.Ng3 e5
16.Bd2 Nc5 17.c4 d4 18.Bb4 Nbd7 19.Bd3 Nxd3+ 20.cxd3 b6 21.Qe2 Bb7 22.Ne4 Bxe4
23.fxe4 Nc5 24.Bxc5 bxc5 25.Rb1 O-O 26.Rb7 Qc6 27.Qb2 Rac8 28.Rb6 Qa4 29.O-O Qd7
30.Rb1 Qg4+ 31.Kf1 Qxh4 32.Qg2 f5 33.gxf6 Rxf6+ 34.Rxf6 Qxf6+ 35.Ke2 Rf8
36.Rb7 Rf7 37.Rb8+ Kh7 38.Rb1 Qf4 39.Qg1 Qf3+ 40.Kd2 Qf2+ 41.Qxf2 Rxf2+ 42.Ke1 Rxa2
43.Rb6 h4 44.Re6 h3 45.Rxe5 h2 46.Rh5+ Kg6  0-1

[Event "1st WMSG Blitz Team"]
[Site "Beijing CHN"]
[Date "2008.10.13"]
[Round "6"]
[White "Nolte,R"]
[Black "Mekhitarian,K"]
[Result "1/2-1/2"]
[WhiteElo "2489"]
[BlackElo "2511"]

1.e4 c5 2.Nf3 e6 3.Nc3 a6 4.d4 cxd4 5.Nxd4 Ne7 6.g3 Nbc6 7.Nb3 Ng6 8.Bg2 Be7
9.O-O O-O 10.a4 b6 11.Be3 Nge5 12.Qe2 Na5 13.Nxa5 bxa5 14.f4 Nc6 15.Kh1 Qc7
16.Rfd1 Rb8 17.Rab1 Bb7 18.Qf2 Ba8 19.e5 Nb4 20.Bxa8 Rxa8 21.Rd2 d5 22.exd6 Bxd6
23.Rbd1 Rfd8 24.Qf3 Rac8 25.Qf2 Be7 26.h3 h5 27.Kh2 Rxd2 28.Rxd2 Rd8 29.h4 Rxd2
30.Qxd2 Bf6 31.Bd4 Bxd4 32.Qxd4 Nxc2 33.Qd1 Ne3 34.Qxh5 Qb6 35.Qe2 Nf5 36.Qd2 Ne3
37.Qe2 g6 38.Ne4 Qd4 39.Ng5 Kg7 40.b3 Nf5 41.Nf3 Qc3 42.Qe5+ Qxe5 43.Nxe5 Nd4
44.Nc4 Nxb3 45.Kg2 Nc5 46.Nxa5 Nxa4 47.Kf3 Kf6 48.g4 Nb6 49.Ke4 Nd5 50.f5 gxf5+
51.gxf5 Nc3+ 52.Kd3 Nd5 53.Ke4 Nc3+ 54.Kd3 Nb5 55.fxe6 Kxe6 56.Ke4 Nd6+ 57.Kf4 Kf6
58.Nc6 Nb7 59.Nb4 a5 60.Nd5+ Ke6 61.Nc3 Nc5 62.Kg5 Ke7 63.h5 Kf8 64.h6 Kg8
65.Kf6 a4 66.h7+ Kxh7 67.Nxa4 Nxa4 68.Kxf7  1/2-1/2

[Event "1st WMSG Blitz Team"]
[Site "Beijing CHN"]
[Date "2008.10.13"]
[Round "8"]
[White "Schneider,Dm"]
[Black "Genutis,M"]
[Result "1-0"]
[WhiteElo "2487"]
[BlackElo "2325"]

1.e4 c5 2.Nf3 e6 3.Nc3 a6 4.d4 cxd4 5.Nxd4 Nc6 6.Be3 Qc7 7.Qd2 Nf6 8.O-O-O Bb4
9.f3 Ne5 10.Kb1 Be7 11.g4 b5 12.g5 Nh5 13.f4 Nc4 14.Bxc4 bxc4 15.e5 Bb7 16.Rhf1 g6
17.Nde2 Bc6 18.Ng3 Ng7 19.Nge4 O-O 20.Nf6+ Bxf6 21.gxf6 Nf5 22.Bc5 Rfb8 23.Ba3 Rb7
24.Ne2 Rab8 25.Qc3 Bd5 26.Nd4 Be4 27.Nxf5 Bxf5 28.Rd4 Rc8 29.Rfd1 Qc6 30.Qg3 Qa4
31.Qc3 Qc6 32.Kc1 h5 33.Qg3 Kh7 34.Qc3 Kg8 35.Rd6 Qe4 36.R6d4 Qc6 37.Re1 Rb5
38.Rd6 Qg2 39.Qd2 Qf3 40.Rxd7 c3 41.bxc3 Kh7 42.Rxf7+ Kh6 43.Rh7+  1-0

[Event "1st WMSG Blitz Team"]
[Site "Beijing CHN"]
[Date "2008.10.13"]
[Round "10"]
[White "Friedel,J"]
[Black "Mekhitarian,K"]
[Result "0-1"]
[WhiteElo "2498"]
[BlackElo "2511"]

1.e4 c5 2.Nf3 e6 3.d4 cxd4 4.Nxd4 a6 5.Nc3 Ne7 6.Bg5 f6 7.Be3 Nbc6 8.Be2 Nxd4
9.Qxd4 Nc6 10.Qd2 b5 11.O-O Qc7 12.f4 Be7 13.Bh5+ g6 14.Bf3 Na5 15.b3 Bb7
16.Rad1 O-O 17.Ne2 Rad8 18.f5 Nc6 19.Nf4 Ne5 20.fxg6 hxg6 21.Qf2 Kg7 22.Qg3 Qc6
23.Kh1 Rh8 24.Bd4 Rh6 25.Nd3 d6 26.Nf4 Bc8 27.Bg4 Nxg4 28.Qxg4 e5 29.Ne6+ Bxe6
30.Qxe6 Qd7 31.Qxd7 Rxd7 32.Be3 Rh4 33.Rd3 Rxe4 34.Bc5 Kf7 35.h3 Ke6 36.Rfd1 Re2
37.c4 bxc4 38.bxc4 Rc2 39.Be3 Rxc4 40.Rb1 d5 41.Rb8 d4 42.Bd2 Rc2 43.Bb4 Bxb4
44.Rxb4 Rxa2 45.Rf3 f5 46.Rg3 Rg7 47.Rb6+ Kd5 48.Rb8 Ke4 49.Rb1 Re2 50.Ra3 Rd7
51.Ra4 Ke3 52.Rxa6 d3 53.Ra3 e4 54.Rb6 Kf4  0-1

[Event "South Bohemia Open"]
[Site "Cesky Krumlov CZE"]
[Date "2008.10.13"]
[Round "4"]
[White "Hlavnicka,Ja"]
[Black "Amstadt,A"]
[Result "0-1"]
[WhiteElo "1949"]
[BlackElo "2196"]

1.e4 c5 2.Nf3 e6 3.d4 cxd4 4.Nxd4 a6 5.Nc3 Qc7 6.g3 Bb4 7.Bd2 Nf6 8.Bg2 Nc6
9.Nxc6 dxc6 10.Qe2 e5 11.a3 Bc5 12.Na4 Bd4 13.c3 Ba7 14.b4 b5 15.Nb2 Bg4
16.f3 Be6 17.Be3 c5 18.O-O c4 19.Rfd1 O-O 20.Rd2 Rfd8 21.Rad1 Rxd2 22.Qxd2 Bxe3+
23.Qxe3 Rd8 24.Rd2 Rd7 25.Kf1 Qd8 26.Ke2 Rxd2+ 27.Qxd2 Qxd2+ 28.Kxd2 Nd7
29.Nd1 Nb6 30.Ne3 g6 31.f4 f6 32.Nd5 Bxd5 33.exd5 Nc8 34.fxe5 fxe5 35.Bh3 Nd6
36.Be6+ Kg7 37.Ke3 Kf6 38.h4 h6 39.g4 g5 40.h5 Ke7 41.Kf3 Ke8 42.Ke3 Ke7
43.Kf3 Ne8 44.Ke4 Kd6 45.Kf5 Nf6 46.Kxf6 e4 47.Kg6 e3 48.Kxh6 e2 49.Kxg5 e1=Q
50.h6 Qxc3 51.Kg6 Qh8 52.g5 c3 53.Bf5 Qg8+ 54.Kh5 Ke5 55.h7 Qg7 56.Bc2 Kxd5
57.g6 Kd4 58.Kg5 Ke3 59.Kf5 Kd2 60.Bb3 c2 61.Bxc2 Kxc2 62.Kf4 Kb3  0-1

[Event "1st WMSG Rapid Team"]
[Site "Beijing CHN"]
[Date "2008.10.15"]
[Round "4"]
[White "Gunbayar,M"]
[Black "Meijers,V"]
[Result "0-1"]
[WhiteElo "2283"]
[BlackElo "2514"]

1.e4 c5 2.Nf3 e6 3.d4 cxd4 4.Nxd4 a6 5.Nc3 b5 6.Bd3 Bb7 7.O-O Nf6 8.e5 b4
9.Nce2 Ng4 10.Bf4 g5 11.Nc1 h5 12.Bg3 Qb6 13.Ncb3 Nc6 14.Nf3 Rg8 15.h3 h4
16.hxg4 hxg3 17.Qe2 a5 18.Qe3 gxf2+ 19.Qxf2 Qxf2+ 20.Kxf2 a4 21.Nbd2 Bc5+
22.Kg3 Be3 23.Ne4 Ke7 24.Nd6 Ba6 25.Bxa6 Rxa6 26.Nc4 Bf4+ 27.Kf2 f6 28.exf6+ Kxf6
29.Ke2 Ke7 30.Rad1 d5 31.Ne3 Raa8 32.Nd4 Nxd4+ 33.Rxd4 Bd6 34.Rdd1 Rh8 35.c4 bxc3
36.bxc3 Rhc8 37.Kd3 Bf4 38.Nc2 Rab8 39.Rb1 Kd6 40.Nd4 e5 41.Nf5+ Kc5 42.Rxb8 Rxb8
43.g3 e4+ 44.Kc2 Be5 45.Rh1 a3 46.Rb1 Rxb1 47.Kxb1 Bxc3 48.Kc2 Bb2 49.Nh6 Bf6
50.Nf5 d4 51.Kd2 Be5 52.Kc2 Kc4 53.Kd2 e3+ 54.Ke2 Kc3 55.Ne7 Bxg3 56.Nd5+ Kb2
57.Nb4 Bd6 58.Nc6 Kc3 59.Na5 Bf4 60.Nb3 d3+ 61.Kd1 e2+ 62.Ke1 Bg3+  0-1

[Event "1st WMSG Rapid Team w"]
[Site "Beijing CHN"]
[Date "2008.10.15"]
[Round "4"]
[White "Hou Yifan"]
[Black "Vasilevich,T"]
[Result "1-0"]
[WhiteElo "2578"]
[BlackElo "2368"]

1.e4 c5 2.Nf3 a6 3.Nc3 e6 4.d4 cxd4 5.Nxd4 Qc7 6.Bd3 Nc6 7.Nxc6 dxc6 8.O-O e5
9.f4 Bc5+ 10.Kh1 Nf6 11.Qf3 Ng4 12.f5 h5 13.Bg5 f6 14.Bh4 Bd7 15.Na4 Ba7
16.c4 Bd4 17.c5 O-O-O 18.Rac1 g6 19.fxg6 Rhg8 20.Nb6+ Kb8 21.h3 Ne3 22.Bxf6 Nxf1
23.Bxd8 Qxd8 24.Rxf1 Bxc5 25.Nxd7+ Qxd7 26.Qf7 Qxf7 27.gxf7 Rd8 28.Be2 h4
29.Rd1 Rxd1+ 30.Bxd1 Kc7 31.g3 hxg3 32.Kg2 Kd7 33.Kxg3 Ke7 34.Bb3 Bd4 35.Kg4 Bxb2
36.Kf5 b5 37.h4 c5 38.h5 c4 39.Kg6 Bc1 40.Kg7 Bh6+ 41.Kxh6 Kxf7 42.Bd1 Kf6
43.Kh7 Kf7 44.Kh6 Kf6 45.Kh7 Kf7 46.h6 a5 47.a4 b4 48.Be2 c3 49.Bd1  1-0

[Event "1st WMSG Rapid Team w"]
[Site "Beijing CHN"]
[Date "2008.10.15"]
[Round "5"]
[White "Ruan Lufei"]
[Black "Vasilevich,I"]
[Result "0-1"]
[WhiteElo "2496"]
[BlackElo "2354"]

1.e4 c5 2.Nf3 e6 3.d4 cxd4 4.Nxd4 a6 5.Nc3 b5 6.Bd3 d6 7.O-O Nf6 8.a4 b4
9.Na2 Qb6 10.Be3 Qb7 11.f3 Be7 12.Qd2 e5 13.Nb3 Nc6 14.Bc4 Be6 15.Bd5 a5
16.Rfd1 O-O 17.Nac1 Bxd5 18.exd5 Nb8 19.c4 bxc3 20.bxc3 Bd8 21.c4 Bb6 22.Rb1 Nbd7
23.Nd3 Qa7 24.Bxb6 Nxb6 25.c5 Nbxd5 26.Kh1 e4 27.Nf4 e3 28.Qd4 dxc5 29.Qc4 Nxf4
30.Qxf4 Rfe8 31.Qc4 Rab8 32.Nxc5 e2  0-1

[Event "1st WMSG Rapid Team"]
[Site "Beijing CHN"]
[Date "2008.10.15"]
[Round "6"]
[White "Friedel,J"]
[Black "Erdos,V"]
[Result "1/2-1/2"]
[WhiteElo "2498"]
[BlackElo "2577"]

1.e4 c5 2.Nf3 e6 3.d4 cxd4 4.Nxd4 a6 5.Nc3 b5 6.Bd3 Qb6 7.Nf3 Nc6 8.O-O Nge7
9.Qe2 Ng6 10.e5 b4 11.Bxg6 hxg6 12.Ne4 Qb5 13.Qxb5 axb5 14.Rd1 Bb7 15.Nd6+ Bxd6
16.Rxd6 f6 17.exf6 gxf6 18.Be3 Rh5 19.Rad1 Bc8 20.Nd4 Nxd4 21.Bxd4 Ke7 22.Rb6 Rxa2
23.g4 Rg5 24.h3 Ra6 25.Rxa6 Bxa6 26.Be3 Rd5  1/2-1/2

[Event "1st WMSG Rapid Team"]
[Site "Beijing CHN"]
[Date "2008.10.15"]
[Round "6"]
[White "Goh Weiming"]
[Black "Ahmed,Abdu"]
[Result "1-0"]
[WhiteElo "2420"]
[BlackElo "2246"]

1.e4 c5 2.Nf3 e6 3.d4 cxd4 4.Nxd4 a6 5.Nc3 Qc7 6.Bd3 Nf6 7.O-O Nc6 8.Be3 Ne5
9.h3 Bc5 10.f4 Nc6 11.Nf5 Qb6 12.Nxg7+ Kf8 13.Bxc5+ Qxc5+ 14.Kh1 d6 15.e5 dxe5
16.fxe5 Qxe5 17.Qf3 Kxg7 18.Rae1 Qg5 19.Ne4 Ne5 20.Nxg5 Nxf3 21.Rxf3 Rf8
22.Ref1 h6 23.Rxf6 hxg5 24.Bg6 Bd7 25.Rxf7+ Rxf7 26.Rxf7+ Kxg6 27.Rxd7 b5
28.c3 a5 29.Rd6 Kf5 30.Kh2 Ke5 31.Rb6 b4 32.Rb5+ Kf6 33.c4 e5 34.Kg3 Kf5
35.Kf3 Rd8 36.Rd5 Rc8 37.b3 a4 38.Rb5 Rd8 39.g4+ Kf6 40.Rb6+ Kf7 41.Rxb4 axb3
42.axb3 Rd3+ 43.Ke4  1-0

[Event "1st WMSG Rapid Team"]
[Site "Beijing CHN"]
[Date "2008.10.15"]
[Round "6"]
[White "Atabayev,M"]
[Black "Glud,J"]
[Result "1-0"]
[WhiteElo "2159"]
[BlackElo "2444"]

1.e4 c5 2.Nf3 e6 3.d4 cxd4 4.Nxd4 a6 5.Nc3 b5 6.Be2 Bb7 7.Bf3 b4 8.Nce2 Nf6
9.e5 Bxf3 10.Nxf3 Nd5 11.Nf4 Nxf4 12.Bxf4 Nc6 13.O-O Be7 14.Qd2 Qa5 15.Rfd1 Ra7
16.Qe2 O-O 17.Nd2 Qb5 18.Qe4 f5 19.Qe3 h6 20.h4 Bxh4 21.Bxh6 Qxe5 22.Nf3 Qe4
23.Nxh4 Qxh4 24.Bf4 Rb7 25.Bd6 f4 26.Qe4 Rf5 27.g3 Qg4 28.Bxf4 b3 29.axb3 Rb4
30.Qg2 Nd4 31.c3 Nf3+ 32.Kf1 Rbxf4 33.gxf4 Qxf4 34.Ra4 Nd2+ 35.Ke2 Re5+ 36.Kd3 Ne4
37.Rxe4 Qf5 38.Ke3 Rb5 39.Rxd7 g5 40.b4 e5 41.Qg4  1-0

[Event "1st WMSG Rapid Team w"]
[Site "Beijing CHN"]
[Date "2008.10.16"]
[Round "7"]
[White "Arutyunova,D"]
[Black "Panella,F"]
[Result "1-0"]
[WhiteElo "2274"]
[BlackElo "2004"]

1.e4 c5 2.Nf3 e6 3.d4 cxd4 4.Nxd4 a6 5.Nc3 Qc7 6.Be2 Nf6 7.O-O b5 8.Bf3 e5
9.Nf5 d6 10.Bg5 Nbd7 11.Qd2 b4 12.Ne2 Bb7 13.Neg3 g6 14.Nh6 Be7 15.Rfe1 Kf8
16.Rac1 Kg7 17.Nhf5+ Kf8 18.Nxe7 Kxe7 19.Qxb4 h6 20.Bxf6+ Nxf6 21.c4 Rac8
22.Qd2 h5 23.Nf1 h4 24.Qg5 Ke6 25.Ne3 Nxe4 26.Bg4+ f5 27.Qxg6+ Ke7 28.Nxf5+ Kf8
29.Nh6  1-0

[Event "1st WMSG Rapid Team w"]
[Site "Beijing CHN"]
[Date "2008.10.16"]
[Round "7"]
[White "Machalova,V"]
[Black "Guo,E"]
[Result "1-0"]
[WhiteElo "2187"]
[BlackElo "1752"]

1.e4 c5 2.Nf3 e6 3.d4 cxd4 4.Nxd4 a6 5.Nc3 Qc7 6.Be2 d6 7.O-O Nf6 8.a4 Nc6
9.Kh1 Be7 10.Nb3 b6 11.f4 Bb7 12.Bf3 O-O 13.Be3 Rfd8 14.Qe2 Nd7 15.Rad1 Nc5
16.Bg1 Bf6 17.Nxc5 bxc5 18.Qc4 Qb6 19.Rb1 Bd4 20.f5 Ne5 21.Qe2 exf5 22.Bxd4 cxd4
23.Nd5 Bxd5 24.exd5 Qb4 25.b3 Re8 26.Rbe1 h6 27.Qf2 Qc3 28.Rd1 Nxf3 29.Qxf3 Qxc2
30.Rxd4 Rab8 31.Rd3 f4 32.Rc3 Qd2 33.Rd3 Qe2 34.h3 Re3 35.Qxe2 Rxe2 36.Rxf4 Rb2
37.Rff3 Kf8 38.Rfe3 f6 39.Kh2 Rb6 40.Kg3 Kf7 41.Kf3 Kg6 42.g4 Rb4 43.Rc3 Kg5
44.Kg3 Rd4 45.Rcd3 Rb4 46.h4+ Kg6 47.h5+ Kg5 48.Re7 R2xb3 49.Rxg7+  1-0

[Event "1st WMSG Rapid Team"]
[Site "Beijing CHN"]
[Date "2008.10.16"]
[Round "7"]
[White "Mogranzini,R"]
[Black "Meijers,V"]
[Result "0-1"]
[WhiteElo "2415"]
[BlackElo "2514"]

1.e4 c5 2.Nf3 e6 3.d4 cxd4 4.Nxd4 a6 5.Nc3 b5 6.Bd3 Bb7 7.O-O b4 8.Nce2 Nf6
9.f3 Qc7 10.Be3 e5 11.Nb3 d5 12.exd5 Nxd5 13.Bf2 Nd7 14.Rc1 Rd8 15.c4 N5f6
16.c5 Nb8 17.Qc2 Be7 18.Ng3 g6 19.Ne4 O-O 20.Nxf6+ Bxf6 21.Be4 Bc6 22.Be3 a5
23.Nd2 Be7 24.Qc4 Kg7 25.f4 f5 26.Bxc6 Nxc6 27.Nf3 Bf6 28.fxe5 Nxe5 29.Nxe5 Bxe5
30.Bf4 Bxf4 31.Rxf4 Qc6 32.Rd4 Rfe8 33.Rcd1 Rxd4 34.Qxd4+ Kf7 35.Rd2 Re4
36.Qd6 Qxd6 37.cxd6 Ke8 38.Rd5 Kd7 39.Rxa5 Re2 40.Ra7+ Kxd6 41.Rxh7 Rxb2
42.Ra7 Ke5 43.Ra4 g5 44.h3 Kf4 45.Kh2 Ke3 46.Ra5 f4 47.Rxg5 Rxa2 48.Rb5 Rb2
49.Re5+ Kd4 50.Rf5 Ke4 51.Rf8 b3 52.h4 Rc2 53.Rb8 b2 54.Kh3 Kd4 55.h5 Kc3
56.h6 Rc1 57.h7 Rh1+ 58.Kg4 Rxh7 59.Kxf4 Rh1 60.g4 b1=Q 61.Rxb1 Rxb1 62.g5 Kd4
63.Kf5 Kd5 64.g6 Rf1+  0-1

[Event "1st WMSG Rapid Team"]
[Site "Beijing CHN"]
[Date "2008.10.16"]
[Round "8"]
[White "Esenov,An"]
[Black "Waqar,M"]
[Result "1-0"]
[WhiteElo "2319"]
[BlackElo "2207"]

1.e4 c5 2.Nf3 e6 3.d4 cxd4 4.Nxd4 a6 5.Nc3 Qc7 6.a4 Bb4 7.Bd2 Nf6 8.Bd3 Nc6
9.Nb3 Ne5 10.O-O Nfg4 11.g3 h5 12.Nd5 exd5 13.Bxb4 d6 14.exd5 h4 15.Bc3 hxg3
16.hxg3 Kf8 17.Be2 Qe7 18.Bxe5 Nxe5 19.f4 Ng6 20.Qd3 Bf5 21.Qd2 Rh3 22.Rf3 Re8
23.Bf1 Nh4 24.Rc3 Qe4 25.Bxh3 Nf3+ 26.Rxf3 Qxf3 27.Qg2 Qe3+ 28.Kh2 Be4 29.Qd2 Qf3
30.Bg2 Qh5+ 31.Kg1 Bxg2 32.Qxg2 Re2 33.Qh1 Qg4 34.Qh8+ Ke7 35.Qh4+ Qxh4 36.gxh4 Rxc2
37.Nd4 Rxb2 38.Nf5+ Kd7 39.Nxg7 Rb4 40.Rf1 Rxa4 41.h5 Ra3 42.Rf2 Rh3 43.Rh2 Rg3+
44.Rg2 Rh3 45.Rg5 a5 46.Kg2 Rh4 47.Nf5 Rxf4 48.h6 Rc4 49.h7 Ke8  1-0

[Event "1st WMSG Rapid Team"]
[Site "Beijing CHN"]
[Date "2008.10.16"]
[Round "8"]
[White "Gunbayar,M"]
[Black "Glud,J"]
[Result "0-1"]
[WhiteElo "2283"]
[BlackElo "2444"]

1.e4 c5 2.Nf3 e6 3.d4 cxd4 4.Nxd4 a6 5.Nc3 b5 6.Be3 Bb7 7.Bd3 Nf6 8.a3 d6
9.O-O Nbd7 10.Qe2 Be7 11.Rad1 Qc7 12.f4 Nc5 13.Bf2 h5 14.h3 h4 15.Rfe1 Nh5
16.Qg4 Nf6 17.Qf3 g6 18.Qe3 Nh5 19.e5 d5 20.Nf3 Ng7 21.Nd4 Nf5 22.Bxf5 gxf5
23.Nb3 Nxb3 24.cxb3 d4 25.Rxd4 Rg8 26.Kf1 Bc5 27.Bxh4 Qc6 28.Re2 Rxg2 29.Bf6 Rg6
30.Bg5 Qh1+ 31.Kf2 Bf3 32.Red2 Qg2+ 33.Ke1 Qg3+ 34.Kf1 Rxg5 35.fxg5 Bg2+
36.Ke2 Bf1+ 37.Kxf1 Qxe3 38.R4d3 Qg1+ 39.Ke2 Qxg5 40.b4 Be7 41.Kd1 Rd8 42.Rxd8+ Bxd8
43.a4 bxa4 44.Nxa4 Qh5+ 45.Kc2 Bg5 46.Rd3 Qe2+ 47.Kc3 Qxe5+ 48.Kb3 Be7 49.Rc3 Qd5+
50.Rc4 f4 51.Nc3 Qf5  0-1

[Event "1st WMSG Rapid Team w"]
[Site "Beijing CHN"]
[Date "2008.10.16"]
[Round "9"]
[White "Machalova,V"]
[Black "Panella,F"]
[Result "1-0"]
[WhiteElo "2187"]
[BlackElo "2004"]

1.e4 c5 2.Nf3 e6 3.d4 cxd4 4.Nxd4 a6 5.Nc3 Qc7 6.a4 Nf6 7.Be2 Bb4 8.Bd2 Bxc3
9.Bxc3 Nxe4 10.Bb4 d5 11.O-O Nc6 12.Ba3 Nd6 13.Rc1 O-O 14.c4 Rd8 15.cxd5 exd5
16.Nxc6 bxc6 17.Qxd5 Nb5 18.Qe4 Nxa3 19.bxa3 Bd7 20.Bf3 Rac8 21.Qc4 Qa5 22.Rfd1 c5
23.Bd5 Be8 24.h3 Qxa4 25.Bxf7+ Kf8 26.Rxd8 Rxd8 27.Bxe8 Qxc4 28.Rxc4 Kxe8
29.Rxc5 Rd3 30.Ra5 Rd6 31.Kf1 Re6 32.Rd5 Ke7 33.Rd3 Rb6 34.g4 Ke6 35.Kg2 a5
36.Kf3 a4 37.Ke3 Ke5 38.f4+ Ke6 39.Ke4 g6 40.Rc3 Kf6 41.Rc4 Ra6 42.Rb4 h5
43.g5+ Ke6 44.Rb5 Rc6 45.Rb4 Ra6 46.Rd4 Ra5 47.h4 Ra6 48.Rd5 Rc6 49.Kd4 Rb6
50.Ra5 Rb1 51.Rxa4 Rh1 52.Ke4 Rxh4 53.Ra6+ Kf7 54.Ke5 Rh1 55.Ra7+ Ke8 56.Kf6 h4
57.Kxg6 h3 58.Rh7 Rf1 59.f5 Rf3 60.f6  1-0

[Event "24th ECC"]
[Site "Kallithea GRE"]
[Date "2008.10.17"]
[Round "1"]
[White "Bucinskas,V"]
[Black "Petrosian,TL"]
[Result "1/2-1/2"]
[WhiteElo "2325"]
[BlackElo "2629"]

1.e4 c5 2.Nf3 e6 3.d4 cxd4 4.Nxd4 a6 5.Nc3 b5 6.Bd3 Bb7 7.O-O Nc6 8.Be3 Rc8
9.Nxc6 Bxc6 10.f4 Nf6 11.e5 b4 12.Nb1 Nd5 13.Bd4 Qa5 14.Qe2 Bc5 15.Qf2 Bb5
16.Nd2 Bxd4 17.Qxd4 Qb6 18.Qxb6 Nxb6 19.Ne4 Ke7 20.Nd6 Rc5 21.a3 Bxd3 22.cxd3 b3
23.Rac1 Na4 24.Rxc5 Nxc5 25.Rd1 Na4 26.Rd2 f6 27.d4 Rf8 28.Rd3 Rb8 29.Rd2 Nc3
30.Kf2 Nd5 31.g3 h6 32.h4 a5 33.h5 Nc3 34.Ke3 Nb5 35.Nxb5 Rxb5 36.Rd3 d6
37.Ke4 d5+ 38.Ke3 a4 39.Rc3 Kd7  1/2-1/2

[Event "TCh-AUT 2nd Bundesliga West 2008-9"]
[Site "Austria AUT"]
[Date "2008.10.18"]
[Round "2"]
[White "Gruber,Mic"]
[Black "Maiwald,JU"]
[Result "1/2-1/2"]
[WhiteElo "2113"]
[BlackElo "2508"]

1.e4 c5 2.Nf3 e6 3.d4 cxd4 4.Nxd4 a6 5.Nc3 b5 6.Bd3 d6 7.O-O Nf6 8.Bd2 Qb6
9.Nb3 Bb7 10.Qe2 Nbd7 11.a4 b4 12.a5 Qc7 13.Na2 d5 14.exd5 Nxd5 15.Nd4 Bc5
16.Nf3 Nf4 17.Bxf4 Qxf4 18.Rfe1 Nf6 19.Qe5 Bxf2+ 20.Kf1 Qxe5 21.Rxe5 Bxf3
22.gxf3 Bd4 23.Rg5 Nd5 24.Be4 Ne3+ 25.Ke2 Rb8 26.c3 bxc3 27.bxc3 Bf6 28.Rc5 Ng2
29.Nb4 O-O 30.Rg1 Nf4+ 31.Ke3 Be7 32.Rc6 g5 33.h4 f5 34.Bc2 Rfc8 35.hxg5 Bxb4
36.Rxc8+ Rxc8 37.cxb4 Nd5+ 38.Kd2 Nxb4 39.Bb3 Rc6 40.Re1 Kf7 41.Rh1 Kg7 42.Re1 Kf7
43.Rh1 Nd5 44.Bxd5 Rd6 45.Ke3 Rxd5 46.Kf4 Rd4+ 47.Ke3 Ra4 48.f4 Kg7 49.Rh6 Re4+
50.Kf3 Kh8 51.Kg3 Kg7 52.Kf3 Re1 53.Kf2 Ra1 54.Rxe6 Rxa5 55.Kg3  1/2-1/2